| Поле | Инд. | ПП | Название | Значение |
|---|---|---|---|---|
| Тип записи | a | |||
| Библиографический уровень | b | |||
| 001 | Контрольный номер | RU/IS/BASE/479485778 | ||
| 005 | Дата корректировки | 20220926091756.9 | ||
| 008 | Кодируемые данные | 20150312 | ||
| 040 | b | Код языка каталог. | rus | |
| e | Правила каталог. | PSBO | ||
| 041 | 0_ | a | Код языка текста | rus |
| 084 | a | Индекс другой классификации/Индекс ББК | 65.41(2Рос) | |
| 100 | 1_ | a | Автор | Яковлев А. А. |
| q | Полное имя | Яковлев Андрей Александрович | ||
| 100 | 1_ | a | Автор | Башина А. С. |
| q | Полное имя | Башина Александра Сергеевна | ||
| 100 | 1_ | a | Автор | Демидова О. А. |
| q | Полное имя | Демидова Ольга Анатольевна | ||
| 245 | 10 | a | Заглавие | Анализ эффективности различных способов закупки простого однородного товара (на примере сахарного песка) |
| 504 | a | Библиография | Лит. в конце статьи. - Табл. прил.: с. 636 - 640 | |
| 520 | 0_ | a | Аннотация | При проведении реформы системы госзакупок в 2005 г. российское правительство полагало, что аукцион обеспечивает наименьшую цену закупок в сравнении с другими способами размещения контрактов. В статье на данных о почти 3 тыс. контрактов на закупку сахарного песка в РФ, размещенных в 2011 г., показано, что для закупок простого однородного товара данное предположение оказывается страведливым... |
| 650 | 04 | a | Основная рубрика | государственные закупки |
| a | Основная рубрика | экономика | ||
| 653 | 1_ | a | Ключевые слова | аукционные торги |
| a | Ключевые слова | закупки сахара | ||
| a | Ключевые слова | закупочные цены | ||
| a | Ключевые слова | конкуренция | ||
| a | Ключевые слова | однородный товар | ||
| a | Ключевые слова | Россия | ||
| a | Ключевые слова | рынок продовольствия | ||
| a | Ключевые слова | рынок сахара | ||
| a | Ключевые слова | рыночная конъюнктура | ||
| a | Ключевые слова | сроки поставок | ||
| a | Ключевые слова | торговые контракты | ||
| a | Ключевые слова | экономическая теория | ||
| a | Ключевые слова | электронные аукционы | ||
| a | Ключевые слова | эффективность государственных закупок | ||
| 773 | 0_ | t | Заглавие источника | Экономический журнал ВШЭ |
| d | Дата издания источника | 2013 | ||
| g | Прочая информация | Т. 17, № 4. - С. 617 - 645 : граф., табл. | ||
| w | Контрольный № источника | RU/IS/BASE/444496842 | ||
| 901 | t | Тип документа | b |